Normal view
MARC view
- إسعيفان،مصطفى عايد
Entry Personal Name
001 - CONTROL NUMBER
- control field: 11862
003 - CONTROL NUMBER IDENTIFIER
- control field: JO-AjAnu
005 - DATE AND TIME OF LATEST TRANSACTION
- control field: 20230606072213.0
008 - FIXED-LENGTH DATA ELEMENTS
- fixed length control field: 230606|| aca||aabn | a|a d
040 ## - CATALOGING SOURCE
- Original cataloging agency: JO-AjAnu
- Transcribing agency: JO-AjAnu
100 ## - HEADING--PERSONAL NAME
- Personal name: إسعيفان،مصطفى عايد
670 ## - SOURCE DATA FOUND
- Source citation: Work cat.: (JO-AjAnu)6110: إسعيفان،مصطفى عايد, author, الوجيز في الثقافة الإسلامية